Normal view
MARC view
- Themes For Listening - Speaking
Entry Topical Term
001 - CONTROL NUMBER
- control field: 2723
003 - CONTROL NUMBER IDENTIFIER
- control field: JO-AjAnu
005 - DATE AND TIME OF LATEST TRANSACTION
- control field: 20230606070741.0
008 - FIXED-LENGTH DATA ELEMENTS
- fixed length control field: 230606|| aca||aabn | a|a d
040 ## - CATALOGING SOURCE
- Original cataloging agency: JO-AjAnu
- Transcribing agency: JO-AjAnu
150 ## - HEADING--TOPICAL TERM
- Topical term or geographic name entry element: Themes For Listening - Speaking
670 ## - SOURCE DATA FOUND
- Source citation: Work cat.: (JO-AjAnu)1425: تاليف Robinson,Carole;م.مشارك Helen Parker, author 2722, Themes For Listening and Speaking